000 00945nam a2200277 i 4500
003 DO-SdBNP
005 20250804093142.0
007 ta
008 250305s1999 dr 000 0 spa d
040 _aDO-SdBNP
_bspa
_cBNPHU
_erda
041 _aspa
082 4 _a342.729302
_bR426con 1999
_222
110 1 _aRepública Dominicana.
_9447
240 1 0 _aConstitución (1994)
245 1 0 _aConstitución de la República Dominicana :
_b(proclamada el 14 de agosto de 1994) /
264 1 _aSanto Domingo, República Dominicana :
_bImpresora Soto Castillo,
_c1999.
300 _a60 páginas ;
_c21 cm.
336 _atexto
_btxt
_2rdacontent
337 _asin mediación
_bn
_2rdamedia
338 _avolumen
_bnc
_2rdacarrier
590 _aInventariado, 2025/ YL
651 4 _aRepública Dominicana
_xConstitución (1991{Rpara}
_965459
651 4 _aRepública Dominicana
_xDerecho constitucional
_99303
910 _aYLockward
942 _2ddc
_cLBS1
999 _c58332
_d58332